| 000 | 00882nam a22002897a 4500 | ||
|---|---|---|---|
| 001 | 4047 | ||
| 003 | FISKH | ||
| 005 | 20240603135618.0 | ||
| 008 | 240603b cb ||||| |||| 00| 0 eng d | ||
| 020 | _a9780545433624 | ||
| 040 |
_aFISKH _beng _cFISKH _dFISKH |
||
| 050 | _aSF315.M27 | ||
| 082 | _a636.16 | ||
| 100 |
_aMarsh, Laura _eauthor |
||
| 245 |
_aPonies / _cby Laura Marsh |
||
| 250 | _aFirst Scholastic printing , December 2011 | ||
| 260 |
_aNew York : _bScholastic ; _c2011 |
||
| 300 |
_a32 pages : _bcolor illustrations ; _c24 cm . |
||
| 490 |
_a National Geographic Kids Readers _vLevel 1 |
||
| 505 | _aH | ||
| 520 | _aDescribes the characteristics of different types of ponies at a beginning reader level. | ||
| 521 | 8 |
_a440
_bLexile |
|
| 521 | 8 |
_aH
_bRaz-Plus |
|
| 650 |
_aAnimals _vNon-Fiction |
||
| 942 |
_2ddc _cBK _n0 |
||
| 999 |
_c4047 _d4047 |
||